| 000 | 00626cam a22001697a 4500 | ||
|---|---|---|---|
| 999 |
_c4074 _d4074 |
||
| 020 | _a9780691141206 (pbk. : alk. paper) | ||
| 020 | _a0691141207 (pbk. : alk. paper) | ||
| 050 | 0 | 0 |
_aQA9 _b.W41213 2009 |
| 100 | 1 | _aWeyl, Hermann, | |
| 245 | 1 | 0 |
_aPhilosophy of mathematics and natural science / _cHermann Weyl ; translated by Olaf Helmer ; with a new introduction by Frank Wilczek. |
| 260 |
_aPrinceton, N.J. : _bPrinceton University Press, _c2009. |
||
| 300 |
_axvii, 311 p. : _bill. ; _c24 cm. |
||
| 505 | _amathematics natural science | ||
| 650 | 0 |
_aMathematics _xPhilosophy. |
|
| 650 | 0 |
_aScience _xPhilosophy. |
|
| 942 | _cBK | ||